[Event "78th GEO-ch 2019"]
[Site "Tbilisi"]
[Date "2019.02.10"]
[Round "2.2"]
[White "Arutinian, David"]
[Black "Shanava, Konstantine"]
[Result "1/2-1/2"]
[WhiteElo "2552"]
[BlackElo "2516"]
[Annotator "ChessBase"]
[PlyCount "45"]
[EventDate "2019.02.06"]
[EventType "k.o."]
[EventCountry "GEO"]
[SourceTitle "playchess.com"]
[Source "ChessBase"]
[SourceQuality "1"]
[TimeControl "40/5400+30:1800+30"]

1. d4 {[%emt 0:01:38]} d6 {[%emt 0:00:00]} 2. e4 {[%emt 0:00:23]} Nf6 {[%emt 0:01:50]} 3. f3 {[%emt 0:00:24]} e5 {[%emt 0:00:18]} 4. d5 {[%emt 0:01:10]} Be7 {[%emt 0:00:05]} 5. Be3 {[%emt 0:01:14]} Nfd7 {[%emt 0:06:49]} 6. Qd2 {[%emt 0:02:49]} h6 {[%emt 0:00:22]} 7. Nc3 {[%emt 0:02:52]} Bg5 {[%emt 0:01:03]} 8. Nge2 {[%emt 0:01:42]} Nb6 {[%emt 0:08:34]} 9. Ng3 {[%emt 0:03:39]} a5 {[%emt 0:01:57]} 10. O-O-O {[%emt 0:04:42]} Bxe3 {[%emt 0:00:58]} 11. Qxe3 {[%emt 0:00:14]} Qg5 {[%emt 0:00:04]} 12. Bb5+ {[%emt 0:04:51]} Ke7 {[%emt 0:04:06]} 13. Qd2 {[%emt 0:04:59]} g6 {[%emt 0:00:33]} 14. Nf1 {[%emt 0:02:57]} Qxd2+ {[%emt 0:00:11]} 15. Rxd2 {[%emt 0:00:10]} c6 {[%emt 0:00:40]} 16. Be2 {[%emt 0:01:57]} cxd5 {[%emt 0:00:52]} 17. Nxd5+ {[%emt 0:00:21]} Nxd5 {[%emt 0:00:05]} 18. Rxd5 {[%emt 0:00:16]} Be6 {[%emt 0:00:12]} 19. Rb5 {[%emt 0:01:33]} Ra7 {[%emt 0:00:16]} 20. Ne3 {[%emt 0:01:21]} Rc8 {[%emt 0:01:33]} 21. Kb1 {[%emt 0:02:12]} Nd7 {[%emt 0:02:07]} 22. Rd1 {[%emt 0:01:30]} Rc5 {[%emt 0:00:22]} 23. Rxc5 {[%emt 0:01:36]} 1/2-1/2

[Event "78th GEO-ch 2019"]
[Site "Tbilisi"]
[Date "2019.02.10"]
[Round "2.2"]
[White "Maghalashvili, Davit"]
[Black "Paichadze, Luka"]
[Result "1/2-1/2"]
[WhiteElo "2504"]
[BlackElo "2580"]
[Annotator "ChessBase"]
[PlyCount "111"]
[EventDate "2019.02.06"]
[EventType "k.o."]
[EventCountry "GEO"]
[SourceTitle "playchess.com"]
[Source "ChessBase"]
[SourceQuality "1"]
[TimeControl "40/5400+30:1800+30"]

1. Nf3 {[%emt 0:00:42]} Nf6 {[%emt 0:00:00]} 2. c4 {[%emt 0:00:06]} e6 {[%emt 0:00:00]} 3. g3 {[%emt 0:00:06]} d5 {[%emt 0:00:42]} 4. Bg2 {[%emt 0:00:15]} Be7 {[%emt 0:00:10]} 5. O-O {[%emt 0:01:26]} O-O {[%emt 0:00:05]} 6. d4 {[%emt 0:01:42]} c6 {[%emt 0:00:07]} 7. b3 {[%emt 0:01:30]} b6 {[%emt 0:01:10]} 8. Bb2 {[%emt 0:00:22]} Bb7 {[%emt 0:01:01]} 9. Nc3 {[%emt 0:04:37]} Nbd7 {[%emt 0:03:58]} 10. Qc2 {[%emt 0:00:57]} Rc8 {[%emt 0:01:12]} 11. e4 {[%emt 0:00:51]} dxe4 {[%emt 0:01:34]} 12. Nxe4 {[%emt 0:08:15]} Nxe4 {[%emt 0:00:07]} 13. Qxe4 {[%emt 0:00:04]} Qc7 {[%emt 0:02:01]} 14. Rfe1 {[%emt 0:03:38]} c5 {[%emt 0:06:13]} 15. Qe2 {[%emt 0:05:43]} Bf6 {[%emt 0:01:17]} 16. Rad1 {[%emt 0:01:37]} Rfd8 {[%emt 0:05:19]} 17. d5 {[%emt 0:04:40]} exd5 {[%emt 0:01:14]} 18. cxd5 {[%emt 0:00:10]} Bxb2 {[%emt 0:04:19]} 19. d6 {[%emt 0:02:51]} Qb8 {[%emt 0:00:05]} 20. Qxb2 {[%emt 0:00:07]} Nf6 {[%emt 0:04:20]} 21. Re7 {[%emt 0:12:15]} Bxf3 {[%emt 0:16:29]} 22. Bxf3 {[%emt 0:00:05]} Rxd6 {[%emt 0:00:06]} 23. Rxd6 {[%emt 0:01:10]} Qxd6 {[%emt 0:00:03]} 24. Rxa7 {[%emt 0:00:07]} Re8 {[%emt 0:02:44]} 25. Qc3 {[%emt 0:07:45]} Nd7 {[%emt 0:04:39]} 26. Kg2 {[%emt 0:07:36]} Ne5 {[%emt 0:00:32]} 27. Qe3 {[%emt 0:00:29]} g6 {[%emt 0:10:48]} 28. Qe4 {[%emt 0:08:39]} Re7 {[%emt 0:07:06]} 29. Rxe7 {[%emt 0:03:57]} Qxe7 {[%emt 0:00:04]} 30. Be2 {[%emt 0:00:10]} Qd6 {[%emt 0:04:06]} 31. f4 {[%emt 0:00:53]} Nc6 {[%emt 0:00:18]} 32. Bc4 {[%emt 0:00:43]} Kg7 {[%emt 0:01:15]} 33. Qe8 {[%emt 0:03:00]} Nd8 {[%emt 0:00:15]} 34. Qe2 {[%emt 0:04:16]} Nc6 {[%emt 0:00:21]} 35. Qe4 {[%emt 0:01:41]} Nd4 {[%emt 0:01:28]} 36. Kf2 {[%emt 0:01:08]} Nf5 {[%emt 0:05:25]} 37. Qe5+ {[%emt 0:02:43]} f6 {[%emt 0:01:00]} 38. Qxd6 {[%emt 0:05:35]} Nxd6 {[%emt 0:00:04]} 39. Be6 {[%emt 0:00:56]} g5 {[%emt 0:01:15]} 40. Ke3 {[%emt 0:00:00]} Kf8 {[%emt 0:00:00]} 41. fxg5 {[%emt 0:02:26]} fxg5 {[%emt 0:01:22]} 42. b4 {[%emt 0:00:28]} cxb4 {[%emt 0:01:00]} 43. Kd4 {[%emt 0:00:10]} Ke7 {[%emt 0:02:31]} 44. Bg8 {[%emt 0:05:55]} h6 {[%emt 0:00:13]} 45. Ke5 {[%emt 0:00:29]} Nb5 {[%emt 0:01:32]} 46. Bc4 {[%emt 0:03:15]} Nd6 {[%emt 0:00:43]} 47. Bd3 {[%emt 0:00:29]} Nb7 {[%emt 0:00:49]} 48. Bc4 {[%emt 0:02:27]} Nd6 {[%emt 0:00:56]} 49. Bb3 {[%emt 0:01:43]} Ne8 {[%emt 0:04:40]} 50. Bd1 {[%emt 0:08:20]} Nd6 {[%emt 0:00:38]} 51. Be2 {[%emt 0:00:18]} Nb7 {[%emt 0:00:40]} 52. Kf5 {[%emt 0:05:05]} Na5 {[%emt 0:00:06]} 53. Bd1 {[%emt 0:00:31]} Nc4 {[%emt 0:00:13]} 54. Kg6 {[%emt 0:00:50]} Nd2 {[%emt 0:02:14]} 55. Be2 {[%emt 0:00:41]} b3 {[%emt 0:00:38]} 56. axb3 1/2-1/2

[Event "78th GEO-ch 2019"]
[Site "Tbilisi"]
[Date "2019.02.10"]
[Round "2.2"]
[White "Beradze, Irakli"]
[Black "Pantsulaia, Levan"]
[Result "0-1"]
[WhiteElo "2490"]
[BlackElo "2611"]
[Annotator "TA"]
[PlyCount "84"]
[EventDate "2019.02.06"]
[EventType "k.o."]
[EventCountry "GEO"]
[SourceTitle "playchess.com"]
[Source "ChessBase"]
[SourceQuality "1"]

{[%evp 12,84,18,28,30,0,28,12,28,37,87,0,0,0,0,0,0,0,0,0,0,0,87,48,53,17,50,30,340,343,532,244,474,249,178,38,36,0,0,0,0,0,0,0,0,0,0,0,0,0,0,0,0,0,0,0,0,0,-6,-8,-16,-208,-214,-29979,-29979,-12837,-29937,-2493,-774,-29980,-29981,-29981,-410,-29982,-29982]} 1. d4 Nf6 2. c4 g6 3. Nc3 Bg7 4. e4 O-O 5. Nf3 c6 6. e5 Ne8 7. Be2 d6 {E70: King's Indian: Miscellaneous lines with 4 e4, including 5 Nge2 and 5 Bd3 0-0 6 Nge2} 8. O-O (8. exd6 Nxd6 9. O-O Bg4 10. d5 Bxf3 11. Bxf3 Nxc4 12. Qb3 Nb6 13. Rd1 Qc7 14. Be3 N8d7 15. Rac1 {0-1 (65) Flores Rios,M (2529)-Jobava,B (2690) chess.com INT 2018}) 8... Bg4 9. Ng5 Bxe2 {The position is equal.} 10. Qxe2 e6 $146 ({Predecessor:} 10... dxe5 11. dxe5 h6 12. Nf3 Nc7 13. Rd1 Qc8 14. Be3 Ne6 15. Nd4 {1-0 (39) Kotanjian,T (2452)-Moser,E (2409) Moscow 2004}) 11. d5 (11. Rd1 $16) 11... dxe5 $11 {[%cal Rc6d5]} 12. dxe6 f6 13. Nf7 Qe7 14. Nh6+ Kh8 15. Nf7+ Kg8 16. Nh6+ Bxh6 (16... Kh8 $11 {remains equal.}) 17. Bxh6 $16 Ng7 18. f4 exf4 19. Rad1 g5 $2 {[%mdl 8192]} (19... Re8 $11) 20. Rfe1 $18 Re8 (20... f5 {was necessary.} 21. Qe5 Re8 22. Bxg7 Qxg7 23. Qxf5 Qg6) 21. Bxg7 (21. Ne4 $142) 21... Kxg7 $2 (21... Qxg7 {might work better.} 22. Ne4 (22. e7 Na6 $18) 22... c5) 22. Qh5 (22. Ne4 $142 Rf8 23. Nd6) 22... Na6 {[#]} 23. Ne4 (23. h4 $1 $18 {[%cal Rh4g5]} Kh8 24. Qh6) 23... Red8 $14 24. Nd6 Rxd6 25. Rxd6 Qxd6 26. Qf7+ Kh6 27. Qxf6+ Kh5 28. Qf7+ Kh6 $1 {White must now prevent ...Rf8.} 29. Qf6+ Kh5 {And now ...Qc5+ would win.} 30. h4 {[%csl Gh4][%cal Rf6g5]} h6 {...Rf8 is the strong threat.} 31. hxg5 hxg5 {Hoping for ...Qf8.} 32. Re5 {[%csl Ge5][%cal Rf6g5]} Rg8 {Threatens to win with ...Qf8.} 33. Qf7+ Rg6 {[#]} 34. e7 $1 {[%mdl 512]} Nc7 35. e8=Q Nxe8 36. Rxe8 $2 $11 {[%mdl 4096] Endgame [#] KQR-KQR} (36. Qxe8 $11 {and White stays safe.} Kh4 37. Qf7) 36... Kg4 $1 $19 {( -> ...Rh6)} 37. Qxb7 $2 (37. Rh8 $19 Qd4+ {[%mdl 64] Double Attack} 38. Kf1 Qd3+ 39. Kg1) 37... Qd4+ 38. Kf1 Qxc4+ (38... Rh6 $19 39. Qb3 Rh1+ 40. Ke2 Kh4) 39. Kf2 Qd4+ (39... Qc5+ $142 40. Kf1 Qc1+ 41. Re1 Qc4+ {[%mdl 64] Double Attack} 42. Kg1 Qd4+ 43. Kf1 Rh6) 40. Kf1 Rh6 41. Qb3 Rh1+ 42. Ke2 Kh4 {Accuracy: White = 39%, Black = 49%.} 0-1

[Event "78th GEO-ch 2019"]
[Site "Tbilisi"]
[Date "2019.02.11"]
[Round "2.3"]
[White "Jojua, Davit"]
[Black "Quparadze, Giga"]
[Result "1/2-1/2"]
[WhiteElo "2588"]
[BlackElo "2493"]
[Annotator "TA"]
[PlyCount "76"]
[EventDate "2019.02.06"]
[EventType "k.o."]
[EventCountry "GEO"]
[SourceTitle "playchess.com"]
[Source "ChessBase"]
[SourceQuality "1"]

{[%evp 18,76,0,3,-4,0,20,21,40,12,18,15,11,2,37,5,14,10,41,0,0,0,0,0,0,0,0,-17,0,-12,-18,-86,-62,-49,-47,-41,-14,-27,0,0,0,0,0,0,0,-5,0,0,0,0,0,0,0,0,5,0,0,0,0,0,0]} 1. d4 Nf6 2. c4 e6 3. g3 d5 4. Bg2 Be7 5. Nf3 O-O 6. O-O dxc4 7. Qa4 a6 8. Qxc4 b5 9. Qc2 Bb7 10. Bd2 Ra7 {E05: Open Catalan: 5 Nf3 Be7} (10... Be4 11. Qc1 Bb7 12. Rd1 Qc8 13. Ba5 c5 14. dxc5 Bxc5 15. Nbd2 Nbd7 16. Nb3 Ba7 17. Qf4 Nb6 18. Bxb6 Bxb6 19. Rac1 Qe8 20. Ne5 Bxg2 21. Kxg2 {½-½ (75) Ding,L (2813)-Radjabov,T (2757) Wijk aan Zee 2019}) 11. Rd1 Be4 12. Qc1 b4 13. Be1 $146 ({Predecessor:} 13. Bg5 Qc8 14. Nbd2 Ba8 15. Bxf6 Bxf6 16. Nb3 Nd7 17. Nc5 a5 18. Nxd7 Qxd7 {1-0 (42) Abrantes,T (2147)-Pires,M (2274) Florianopolis 2015}) 13... Qc8 14. Nbd2 Bd5 15. Qc2 c5 16. Rac1 Rc7 17. e4 {[%cal Be2e4,Be4e5][%mdl 32]} Ba8 18. e5 Nd5 19. Nc4 cxd4 20. Nxd4 Nd7 21. Qe2 Qb8 22. b3 N7b6 23. Na5 Bc5 {[#] aiming for ...Bxd4.} 24. Nf3 (24. Nac6 $1 $11 {remains equal.} Bxc6 25. Rxc5) 24... Nc3 25. Bxc3 bxc3 26. Ng5 Bxg2 27. Kxg2 h6 28. Ne4 {The position is equal.} Bb4 29. Nc4 Nxc4 30. bxc4 Qa8 31. Kg1 Qc6 32. c5 Qb5 33. Qxb5 axb5 34. a3 Bxc5 35. Rxc3 Rfc8 36. Nxc5 Rxc5 37. Rd8+ Rxd8 38. Rxc5 Rd3 {Precision: White = 43%, Black = 48%.} 1/2-1/2

[Event "78th GEO-ch 2019"]
[Site "Tbilisi"]
[Date "2019.02.11"]
[Round "2.3"]
[White "Shanava, Konstantine"]
[Black "Arutinian, David"]
[Result "1/2-1/2"]
[WhiteElo "2516"]
[BlackElo "2552"]
[Annotator "TA"]
[PlyCount "31"]
[EventDate "2019.02.06"]
[EventType "k.o."]
[EventCountry "GEO"]
[SourceTitle "playchess.com"]
[Source "ChessBase"]
[SourceQuality "1"]

{[%evp 25,31,0,0,0,6,0,0,-9]} 1. e4 e5 2. Nf3 Nc6 3. Nc3 Nf6 4. d4 exd4 5. Nxd4 Bb4 6. Nxc6 bxc6 7. Bd3 d5 8. exd5 cxd5 9. O-O O-O 10. h3 {C47: Scotch Four Knights and Four Knights with 4 g3} (10. Bg5 c6 11. Qf3 Bd6 12. h3 h6 13. Bf4 Rb8 14. b3 Rb4 15. Bxd6 Qxd6 16. Rfe1 a5 17. Rad1 Bd7 18. Qe3 Rc8 19. Qa7 Rh4 20. Re3 Qc7 21. Qxc7 Rxc7 {½-½ (57) Carlsen,M (2839)-Ding,L (2804) Porto Carras 2018}) 10... c6 11. Qf3 Be6 12. Bf4 Re8 13. Ne2 Bd6 {LiveBook: 14 Games. The position is equal.} 14. b3 Bxf4 15. Qxf4 $146 ({Predecessor:} 15. Nxf4 Qd6 16. Qg3 Qb4 17. Rfd1 a5 {½-½ (34) Schreurs,B-DeLuca,D ICCF email 2014}) 15... c5 16. Rfd1 1/2-1/2

[Event "78th GEO-ch 2019"]
[Site "Tbilisi"]
[Date "2019.02.11"]
[Round "2.4"]
[White "Arutinian, David"]
[Black "Shanava, Konstantine"]
[Result "1/2-1/2"]
[WhiteElo "2552"]
[BlackElo "2516"]
[Annotator "TA"]
[PlyCount "29"]
[EventDate "2019.02.06"]
[EventType "k.o."]
[EventCountry "GEO"]
[SourceTitle "playchess.com"]
[Source "ChessBase"]
[SourceQuality "1"]

{[%evp 20,29,23,31,30,22,14,0,0,0,0,-10]} 1. d4 d5 2. c4 c6 3. cxd5 cxd5 4. Nc3 Nc6 5. Nf3 e6 6. Bf4 Bd6 7. Bxd6 Qxd6 8. e3 Nf6 9. Bd3 Bd7 10. O-O O-O 11. Qe2 Rfc8 {D13: Slav Defence: Exchange variation without ...Bf5} 12. Rfc1 Nb4 $146 {The position is equal.} ({Predecessor:} 12... Be8 13. a3 a6 14. Rc2 Rc7 15. Rac1 Rac8 16. b4 Ne7 17. Nb1 Ba4 18. Rc5 Nd7 19. Rxc7 Rxc7 20. Qb2 Rxc1+ 21. Qxc1 Nb6 22. Nbd2 Qd8 23. Qc5 Nd7 24. Qc1 Nb6 25. Qc5 Nd7 {½-½ (25) Marcelin,C (2433)-Morovic Fernandez,I (2608) Saint Vincent 2000}) 13. a3 Nxd3 14. Qxd3 Rc7 15. Ne2 1/2-1/2

[Event "78th GEO-ch 2019"]
[Site "Tbilisi"]
[Date "2019.02.11"]
[Round "2.4"]
[White "Quparadze, Giga"]
[Black "Jojua, Davit"]
[Result "1-0"]
[WhiteElo "2493"]
[BlackElo "2588"]
[Annotator "TA"]
[PlyCount "65"]
[EventDate "2019.02.06"]
[EventType "k.o."]
[EventCountry "GEO"]
[SourceTitle "playchess.com"]
[Source "ChessBase"]
[SourceQuality "1"]

{[%evp 21,65,-10,-12,-16,-8,-17,-20,-22,0,-12,47,45,147,148,153,142,267,248,314,334,360,364,345,345,344,323,382,390,387,389,372,376,552,493,716,715,694,679,718,718,947,925,922,802,928,927]} 1. e4 c5 2. Nf3 Nc6 3. d4 cxd4 4. Nxd4 g6 5. Nb3 Bg7 6. Be2 Nf6 7. Nc3 O-O 8. O-O d6 9. Bg5 a6 10. Re1 b5 11. Bf1 Re8 12. Nd5 {B70: Sicilian Dragon: 6 g3 and 6 Be2 (without a later Be3)} Nxd5 13. exd5 Ne5 14. c3 {The position is equal.} Rb8 $146 ({Predecessor:} 14... Bb7 15. a4 Nc4 16. Nd4 h6 17. Bc1 Bxd5 18. Nxb5 Nb6 19. Be3 Bb7 {½-½ (49) Kupreichik,V (2500)-Rogozenco,D (2440) Muenster 1995}) 15. a4 {[%cal Ba2a4,Ba4a5][%mdl 32]} b4 (15... Bd7 $11 16. axb5 Bxb5) 16. c4 $14 Bd7 (16... a5 $14) 17. c5 $16 dxc5 18. Nxc5 Rb6 (18... Ng4 $16 19. Nxa6 Bxb2) 19. a5 $18 ({Resist} 19. Nxa6 $6 Bc8 $16) (19. Bxa6 Rxa6 20. Nxa6 Qa5 $14) 19... Rd6 20. Nb7 ({Don't do} 20. Nxa6 $6 Ng4 $18) ({Less strong is} 20. Bxa6 Qc7 $16) 20... Qa8 21. Nxd6 exd6 22. Rc1 h6 23. Bf4 Qb7 24. Qd2 Kh7 25. Be3 Bb5 26. Qxb4 Qxd5 (26... Qb8 {is a better defense.} 27. Qd2 Bxf1) 27. Red1 {White is clearly winning.} Qa8 (27... Qb7 $142 28. Bxb5 axb5) 28. Bxb5 axb5 29. Qxb5 Ng4 30. Bb6 Qe4 31. h3 Ne5 32. Qd5 Qf5 33. a6 {Precision: White = 74%, Black = 32%.} 1-0

[Event "78th GEO-ch 2019"]
[Site "Tbilisi"]
[Date "2019.02.11"]
[Round "2.5"]
[White "Shanava, Konstantine"]
[Black "Arutinian, David"]
[Result "0-1"]
[WhiteElo "2516"]
[BlackElo "2552"]
[Annotator "TA"]
[PlyCount "78"]
[EventDate "2019.02.06"]
[EventType "k.o."]
[EventCountry "GEO"]
[SourceTitle "playchess.com"]
[Source "ChessBase"]
[SourceQuality "1"]

{[%evp 29,78,19,25,20,22,19,49,14,21,23,20,22,55,70,73,55,77,14,6,14,13,0,0,-10,-11,-29,-23,-37,-10,-33,-17,-80,-84,-133,-120,-129,-30,-155,-156,-179,-173,-216,-213,-208,-194,-609,-602,-693,-691,-1121,-1083]} 1. e4 c6 2. d4 d5 3. exd5 cxd5 4. c4 Nf6 5. Nc3 e6 6. Nf3 Be7 7. cxd5 Nxd5 8. Bd3 Nc6 9. O-O O-O 10. Re1 Bf6 11. Be4 Nce7 12. Ne5 Bd7 13. Qd3 g6 14. Bh6 Bg7 15. Bxg7 Kxg7 16. Bxd5 {D42: Queen's Gambit Declined: Semi-Tarrasch: 5 cxd5 Nxd5 6 e3 Nc6 7 Bd3} exd5 17. Qf3 (17. Rac1 Rc8 18. h3 Be6 19. Qb5 Rc7 20. Ne2 Nf5 21. Rxc7 Qxc7 22. Rc1 Qb8 23. Qb4 Rc8 {1-0 (97) Frolyanov,D (2563)-Bocharov,D (2585) Khanty-Mansiysk 2017}) 17... Be6 18. Nd3 {White is slightly better.} Nf5 $146 ({Predecessor:} 18... Nc6 19. Nf4 Qf6 20. Rad1 Rad8 21. Nb5 Kg8 22. Qe3 Rfe8 23. Qd2 Re7 24. Nc3 Red7 25. h3 Kg7 {½-½ (25) Ramnath,B (2387)-Nguyen,V (2426) Bandar Seri Begawan 2010}) 19. Nf4 Re8 20. Rad1 Qd6 21. g4 ({Avoid the trap} 21. Ncxd5 $2 Bxd5 22. Qxd5 Qxf4 $19) 21... Ne7 22. Qg3 Qd7 $1 23. Nxe6+ ({White should try} 23. h4 $16) 23... fxe6 $11 24. Qe5+ Kf7 $1 25. Rd3 {Hoping for Rh3.} Nc6 $1 {[%cal Rc6e5]} 26. Qf4+ (26. Qe3 {feels hotter.} Kg8 27. f4 Re7 28. h3 Rf8 29. Rd2) 26... Kg8 27. a3 Rf8 28. Qg3 Rae8 {[%cal Ba8e8,Be8e7,Be7f7,Bf7d7,Bd7d5][%mdl 32]} 29. h3 Qg7 30. Nb5 (30. Red1 $11) 30... Re7 $17 31. Kg2 a6 $36 {[%mdl 2048] White is under strong pressure.} 32. Nc3 Qf6 ({Don't take} 32... Nxd4 {[#]} 33. Nxd5 $1 {[%mdl 512]} Ref7 34. Re4 $15) (32... Ref7 $17 33. Red1 Rxf2+ 34. Qxf2 Rxf2+ 35. Kxf2 e5) 33. Rde3 (33. f3 $11) 33... Ref7 ({Don't play} 33... Qxd4 $6 34. Rxe6 Ref7 35. R6e2 $11) 34. Rf1 Nxd4 35. f4 g5 {[%cal Rg5f4]} 36. f5 exf5 37. Nxd5 $2 {[#]} (37. Qe5) 37... Qc6 $19 {Black is clearly winning.} 38. Qe5 Rd7 39. Qxd4 Rxd5 {Accuracy: White = 28%, Black = 63%.} 0-1

[Event "78th GEO-ch 2019"]
[Site "Tbilisi"]
[Date "2019.02.11"]
[Round "2.6"]
[White "Arutinian, David"]
[Black "Shanava, Konstantine"]
[Result "1/2-1/2"]
[WhiteElo "2552"]
[BlackElo "2516"]
[Annotator "TA"]
[PlyCount "90"]
[EventDate "2019.02.06"]
[EventType "k.o."]
[EventCountry "GEO"]
[SourceTitle "playchess.com"]
[Source "ChessBase"]
[SourceQuality "1"]

{[%evp 12,90,35,13,72,37,81,52,52,43,76,72,91,71,93,91,95,67,63,70,78,70,84,71,108,0,11,11,11,11,12,4,2,16,19,0,0,0,0,-47,-47,-54,-19,-31,-9,-34,104,119,116,113,103,85,233,233,377,355,362,251,257,250,222,183,404,381,374,363,320,293,256,175,450,450,388,42,200,30,38,14,20,0,261]} 1. d4 d6 2. e4 g6 3. Nc3 Bg7 4. Be3 c6 5. Nf3 Nf6 6. h3 O-O 7. Bd3 d5 {B08: Pirc Defence: Classical System} (7... Nbd7 $11 {keeps the balance.}) (7... Nbd7 8. e5 dxe5 9. dxe5 Nd5 10. Nxd5 cxd5 11. Bd4 Nb8 12. Qe2 Nc6 13. O-O Bd7 14. c3 a6 15. Rfe1 Nxd4 16. Nxd4 {1-0 (42) Indjic,A (2623)-Damljanovic,B (2522) Novi Sad 2018}) 8. O-O $146 ({Predecessor:} 8. e5 Ne8 9. Qd2 f6 10. Bh6 c5 11. Bxg7 Kxg7 12. O-O-O cxd4 13. exf6+ Nxf6 14. Nxd4 e5 15. Nb3 {1-0 (69) Pein,S (1245)-Winter,J (1113) Neumuenster 2001}) 8... Na6 {[%cal Bb8a6,Ba6c7,Bc7e6,Be6f4][%mdl 32]} 9. a3 Nc7 {White is slightly better.} 10. Re1 Ne6 11. e5 Nh5 12. Ne2 {Hoping for g4.} f6 13. c4 fxe5 14. Nxe5 (14. dxe5 $6 Rxf3 15. gxf3 d4 $11) 14... Nhf4 15. Nxf4 Nxf4 16. Bf1 Be6 17. Qd2 g5 18. h4 (18. cxd5 $16 Bxd5 19. g3 Bxe5 20. dxe5) 18... Bxe5 $11 19. dxe5 dxc4 20. hxg5 Qxd2 21. Bxd2 Rad8 22. Bb4 Kf7 23. Rad1 b6 24. Rxd8 Rxd8 25. Bc3 Kg6 26. Re4 Kf5 27. f3 {aiming for g3.} Rd1 28. Kf2 {next g3 is good for White.} b5 {[#]} (28... Bd5 $15 {stays ahead.} 29. Rd4 Rxd4 30. Bxd4 Kxg5) 29. g3 $1 $36 {[%mdl 2048] White is on the roll.} Nd3+ 30. Ke2 Rxf1 31. Kxf1 {[%mdl 4096] Endgame Black must now prevent Rh4. KRB-KBN} Bd5 (31... Kxg5 $16 {keeps fighting.} 32. Rh4 h5) 32. Rh4 $18 c5 (32... Kxg5 $142 33. Rxh7 e6) 33. Rxh7 b4 34. axb4 cxb4 35. Rxe7 bxc3 36. bxc3 Nxe5 $2 {[#]} (36... Kxg5 37. Ke2 (37. Rxa7 Bxf3 38. Rg7+ Kh6 $14) 37... Kf5) 37. f4 $1 Nc6 38. Rd7 Ke6 39. Rc7 a5 40. g6 {[%cal Bg5g6,Bg6g7][%mdl 32]} Kf6 $2 (40... Kd6 {was necessary.} 41. Rb7 Ne7 42. Rb6+ Kc5) 41. g7 Ne7 42. Ra7 $2 (42. g4 $18) 42... Bg8 $2 (42... Bf7 $1 $14) 43. Rxa5 $2 ({Better is} 43. Ke1 $18) 43... Nd5 $1 $11 44. Kf2 Kxg7 45. Rc5 Kf6 $2 {[%mdl 40960] Precision: White = 40%, Black = 33%. . An unexpected result.} (45... Nxc3 $11 {and Black is okay.} 46. Ke3 Kf6) 1/2-1/2

[Event "78th GEO-ch 2019"]
[Site "Tbilisi"]
[Date "2019.02.15"]
[Round "4.1"]
[White "Pantsulaia, Levan"]
[Black "Quparadze, Giga"]
[Result "0-1"]
[WhiteElo "2611"]
[BlackElo "2493"]
[Annotator "TA"]
[PlyCount "78"]
[EventDate "2019.02.06"]
[EventType "k.o."]
[EventCountry "GEO"]
[SourceTitle "playchess.com"]
[Source "ChessBase"]
[SourceQuality "1"]

{[%evp 15,78,17,22,20,15,17,9,14,16,19,20,23,18,18,9,6,24,3,50,37,39,0,0,0,54,41,41,29,37,33,34,7,64,72,100,100,144,144,141,109,107,110,115,55,55,-195,0,0,0,0,0,0,0,-552,-566,-679,-547,-674,-670,-860,-850,-1205,-1237,-1002,-920]} 1. g3 c5 2. c4 Nc6 3. Bg2 g6 4. Nc3 Bg7 5. Nf3 d6 6. O-O e6 7. e3 Nge7 8. d4 O-O 9. Re1 {A37: Symmetrical English vs ...g6: 4 Bg2 Bg7 5 Nf3} cxd4 (9... Rb8 10. b3 cxd4 11. Nxd4 Nxd4 12. exd4 Nf5 13. Be3 Nxe3 14. Rxe3 a6 15. Rc1 Bh6 16. f4 Bg7 {1-0 (37) Carlsen,M (2835)-Svidler,P (2737) St Petersburg 2018}) 10. exd4 d5 11. cxd5 {The position is equal.} Nxd5 12. Bg5 Qb6 $146 ({Predecessor:} 12... Bf6 13. Bh6 Re8 14. Qd2 Nce7 15. Ne4 Bg7 16. Bg5 f6 {½-½ (106) Jakovenko,D (2704)-Quparadze,G (2481) Doha 2016}) 13. Na4 Qb4 {[%cal Rc6d4]} 14. a3 Qd6 15. Nc3 h6 16. Bd2 Nce7 17. Ne5 Qb6 18. Na4 Qd8 19. Nc3 Qb6 20. Qc1 Nf5 21. Nxd5 exd5 22. Bxd5 {And now Nxf7 would win.} Qxd4 23. Bg2 Re8 ({Of course not} 23... Bxe5 24. Bc3 $16) (23... Qb6 $1 $11) 24. Bc3 $14 Qc5 {[%cal Rg7e5]} 25. Qf4 g5 26. Qa4 $1 {[%cal Ra4e8]} Nd6 {[%cal Rg7e5]} ({Wrong is} 26... Rxe5 $2 27. Bxe5 Be6 28. Bxb7 $18) 27. Nd3 Rxe1+ 28. Rxe1 Qf5 29. Re8+ (29. Ne5 $16 Be6 30. Bf3) 29... Kh7 $1 {Strongly threatening ...Bxc3.} 30. Bxg7 $2 {[#]} (30. Re3 $1 $14 {stays ahead.} Bxc3 31. bxc3) 30... Qxd3 $2 ({Better is} 30... Bd7 $1 $19 {[%cal Rd7a4]} 31. Re5 (31. Be4 $2 Nxe4 32. Re5 Qxe5 $19) 31... Bxa4 32. Rxf5 Nxf5) 31. Bc3 $11 Bd7 $1 {[%cal Rd7a4]} 32. Qxd7 Rxe8 33. Bxb7 Re2 $40 {[%mdl 128] Hoping for ...Rc2. Black attacks.} 34. Qd8 $2 {[%mdl 8192] [#]} (34. h3 $11) 34... Qf5 $1 $19 {[%cal Rf5f2] Black is clearly winning.} 35. Qh8+ Kg6 36. Qg7+ Kh5 37. Qd4 Nxb7 38. h3 Qf3 39. Bb4 Nd6 {Accuracy: White = 62%, Black = 71%.} 0-1